|
|
|
|
| LEADER |
00000nas a2200000 4500 |
| 001 |
vtls012275491 |
| 003 |
SK-MaSNL |
| 005 |
20260228163528.0 |
| 008 |
250422d17821788xo qr p r 000 b0ger |
| 015 |
|
|
|a SNBHFB
|
| 040 |
|
|
|a SNKHF
|b slo
|c SNKHF
|e rda
|
| 041 |
0 |
|
|a ger
|
| 043 |
|
|
|a e-hu---
|
| 044 |
|
|
|a xo
|c SK
|
| 072 |
|
7 |
|a 9
|x Geografia. Biografické štúdie. Dejiny
|2 konspekt
|
| 072 |
|
7 |
|a 57/59
|x Biologické vedy
|2 konspekt
|
| 072 |
|
7 |
|a 93/94
|x Dejiny (všeobecne)
|2 konspekt
|
| 080 |
|
|
|a (051)-048.55
|2 2011
|
| 080 |
|
|
|a (439)
|2 2011
|
| 080 |
|
|
|a 908
|2 2011
|
| 080 |
|
|
|a 57.081.1
|2 2011
|
| 080 |
|
|
|a 93/94
|2 2011
|
| 245 |
0 |
0 |
|a Ungrisches Magazin oder Beyträge zur ungrischen Geschichte, Geographie, Naturwissenschaft und der dahin einschlagenden Litteratur
|
| 264 |
|
3 |
|a Preßburg
|b bey Anton Löwe
|c 1782-[1788]
|
| 300 |
|
|
|c 22 cm
|
| 310 |
|
|
|a 4x ročne
|
| 336 |
|
|
|a text
|b txt
|2 rdacontent
|
| 337 |
|
|
|a bez média
|b n
|2 rdamedia
|
| 338 |
|
|
|a zväzok
|b nc
|2 rdacarrierr
|
| 362 |
0 |
|
|a 1782-[1788]
|z ZDB/2025
|
| 500 |
|
|
|a Editor: Karl Gottlieb von Windisch
|
| 546 |
|
|
|a Nemčina
|b Fraktúra
|
| 561 |
|
|
|a Proveniencia: pečiatka Dr. E. Kadarász - ver. not. poz. Margity Zayovej Čís. 11251-11254.
|5 SNK ČSC 4280/1782
|
| 561 |
|
|
|a Proveniencia: pečiatka Dr. E. Kadarász - ver. not. poz. Margity Zayovej Čís. 11255-11257.
|5 SNK ČSC 4280/1783
|
| 561 |
|
|
|a Proveniencia: pečiatka Dr. E. Kadarász - ver. not. poz. Margity Zayovej Čís. 11258.
|5 SNK ČSC 4280/1784
|
| 561 |
|
|
|a Proveniencia: pečiatka Dr. E. Kadarász - ver. not. poz. Margity Zayovej Čís. 11259-11260.
|5 SNK ČSC 4280/1787
|
| 650 |
0 |
7 |
|a vlastiveda
|2 SNKPH
|9 3887
|
| 650 |
0 |
7 |
|a prírodoveda
|2 SNKPH
|9 3960
|
| 650 |
0 |
7 |
|a dejiny
|2 SNKPH
|9 3825
|
| 651 |
|
7 |
|a Maďarsko
|2 SNKPHgeo
|9 16754
|
| 655 |
|
7 |
|a špecializované časopisy
|2 SNKPH
|9 70509
|
| 700 |
1 |
|
|a Windisch, Karl Gottlieb von
|4 edt
|9 265038
|
| 700 |
1 |
|
|a Löwe, Anton,
|d 1744-po 1814
|4 prt
|9 178977
|
| 752 |
|
|
|a Slovensko
|d Bratislava
|
| 780 |
0 |
0 |
|t Ungrisches Magazin, oder Beyträge zur vaterländischen Geschichte, Erdebeschreibung, und Naturwissenschaft
|
| 785 |
0 |
0 |
|t Neues ungrisches Magazin oder Beyträge zur ungrischen Geschichte, Geographie, Naturwissenschaft, und der dahin einschlagenden Litteratur
|
| 852 |
|
|
|a snk
|b Zaiova knižnica: Zay 10944-10951
|p ČSC 4280/1782-1784
|
| 852 |
|
|
|a snk
|b Zaiova knižnica: Zay 10952-10953
|p ČSC 4280/1787
|
| 958 |
|
|
|a DD
|
| 999 |
|
|
|c 9751
|d 11681
|
| 952 |
|
|
|0 0
|1 0
|4 0
|7 0
|8 5
|a SNK
|b SNK
|c SNK_HF
|d 2025-04-23
|i snk2025/6772
|l 0
|o snkČSC 4280/1782
|p 17A1489743
|r 2026-02-21 22:34:17
|t Zay 10944-10947
|w 2026-02-21
|y PREZ
|
| 952 |
|
|
|0 0
|1 0
|4 0
|7 0
|8 5
|a SNK
|b SNK
|c SNK_HF
|d 2025-04-23
|i snk2025/6774
|l 0
|o snkČSC 4280/1783
|p 17A1489744
|r 2026-02-21 22:34:17
|t Zay 10948-10950
|w 2026-02-21
|y PREZ
|
| 952 |
|
|
|0 0
|1 0
|4 0
|7 0
|8 5
|a SNK
|b SNK
|c SNK_HF
|d 2025-04-23
|i snk2025/6775
|l 0
|o snkČSC 4280/1784
|p 17A1489745
|r 2026-02-21 22:34:17
|t Zay 10951
|w 2026-02-21
|y PREZ
|
| 952 |
|
|
|0 0
|1 0
|4 0
|7 0
|8 5
|a SNK
|b SNK
|c SNK_HF
|d 2025-04-23
|i snk2025/6776
|l 0
|o snkČSC 4280/1787
|p 17A1489746
|r 2026-02-21 22:34:17
|t Zay 10952-10953
|w 2026-02-21
|y PREZ
|